Islamic designs for artists and craftspeople

Guardat en:
Dades bibliogràfiques
Autor principal: Wilson, Eva (Autor)
Format: Llibre
Idioma:anglès
Publicat: Nueva York Dover Publications 1988
Edició:1a. ed
Matèries:
Etiquetes: Afegir etiqueta
Sense etiquetes, Sigues el primer a etiquetar aquest registre!

MARC

LEADER 00000cam a2200000 a 4500
001 UCF2952
003 CL-VaPUC
008 120914e19880000US |||||||||||||||||eng|d
020 |a 9780486258195 
082 0 4 |a 745.44917671  |b WIL  |2 21 
100 0 |a Wilson, Eva  |e author  |9 564827 
245 1 0 |a Islamic designs for artists and craftspeople 
250 |a 1a. ed 
300 |a 100 p 
942 |c BK 
945 |d 20120914 00:00:00  |a cmena 
260 |a Nueva York  |b Dover Publications  |c 1988 
650 0 |a Arte islámico (musulmán)  |9 314239 
650 0 |a Diseño  |9 260483 
650 7 |a DECORACION Y ORNAMENTACION  |2 CL-VaPUC  |9 266869 
583 |a last modification  |c 20120914 00:13:00  |k Rodrigo Vera 
999 |c 349490  |d 349488 
952 |0 0  |1 0  |4 0  |6 745_449176710000000_WIL_1988  |7 0  |8 A  |9 452116  |a BIBGIM  |b BIBGIM  |d 2019-11-22  |i 4910087  |o 745.44917671 WIL 1988  |p 4910087  |r 2025-01-15  |w 2019-11-22  |y BK  |k ARA